Oil and gas development and possibilities in east-central Illinois. (Record no. 26657)

MARC details
000 -LEADER
fixed length control field 01251cam a22002651 4500
001 - CONTROL NUMBER
control field gs 28000288
003 - CONTROL NUMBER IDENTIFIER
control field DLC
005 - DATE AND TIME OF LATEST TRANSACTION
control field 20260227111332.0
008 - FIXED-LENGTH DATA ELEMENTS--GENERAL INFORMATION
fixed length control field 780303s1927 xx 000 0 eng c
010 ## - LIBRARY OF CONGRESS CONTROL NUMBER
LC control number gs 28000288
035 ## - SYSTEM CONTROL NUMBER
System control number (OCoLC)3687410
040 ## - CATALOGING SOURCE
Original cataloging agency Library, U.S. Geological Survey
Transcribing agency OT
Modifying agency TxU
-- DLC
042 ## - AUTHENTICATION CODE
Authentication code premarc
050 00 - LIBRARY OF CONGRESS CALL NUMBER
Classification number QE105
Item number .A16
100 1# - MAIN ENTRY--PERSONAL NAME
Personal name Mylius, Louis Aubrey,
Dates associated with a name 1890-
245 10 - TITLE STATEMENT
Title Oil and gas development and possibilities in east-central Illinois.
Remainder of title (Clark, Coles, Douglas, Edgar and parts of adjoining counties)
Statement of responsibility, etc. By L. A. Mylius. Printed by authority of the state of Illinois.
260 ## - PUBLICATION, DISTRIBUTION, ETC.
Place of publication, distribution, etc. Urbana, Ill.
-- [Springfield,
Name of publisher, distributor, etc. Jeffersons printing & stationery co.]
Date of publication, distribution, etc. 1927.
300 ## - PHYSICAL DESCRIPTION
Extent 205 p. incl. illus., tables, diagrs.
Other physical details XXXI fold. pl. (incl. maps, plans, diagrs., pl., XXI-XXXI in separate portfolio) fold. tables.
Dimensions 26 cm.
490 1# - SERIES STATEMENT
Series statement Illinois. State geological survey. Bulletin
Volume/sequential designation no. 54
500 ## - GENERAL NOTE
General note At head of title: State of Illinois. Department of registration and education. Division of the state geological survey.
504 ## - BIBLIOGRAPHY, ETC. NOTE
Bibliography, etc. note Bibliographical footnotes.
650 #0 - SUBJECT ADDED ENTRY--TOPICAL TERM
Topical term or geographic name entry element Petroleum
Geographic subdivision Illinois.
650 #0 - SUBJECT ADDED ENTRY--TOPICAL TERM
Topical term or geographic name entry element Natural gas
Geographic subdivision Illinois.
830 #0 - SERIES ADDED ENTRY--UNIFORM TITLE
Uniform title Bulletin (Illinois State Geological Survey) ;
Volume/sequential designation no. 54.

No items available.

Powered by Koha